|
|
|
|
| LEADER |
00932cam a2200241 7i4500 |
| 001 |
0000074130 |
| 005 |
20230104090000.0 |
| 020 |
|
|
|a 9781003200680 (electronic book)
|
| 090 |
0 |
0 |
|a TA710.5
|b .H84 2023
|
| 100 |
1 |
|
|a Hughes, John
|
| 245 |
1 |
0 |
|a High resolution pressuremeters and geotechnical engineering :
|b the measurement of small things
|c John Hughes, Robert Whittle.
|
| 264 |
|
|
|a Boca Raton:
|b CRC Press,
|c 2023.
|
| 300 |
|
|
|a 1 online resource (xxv, 325 pages):
|b text file, PDF.
|
| 336 |
|
|
|a text
|2 rdacontent
|
| 337 |
|
|
|a computer
|2 rdamedia
|
| 338 |
|
|
|a online resource
|2 rdacarrier
|
| 650 |
|
0 |
|a Shear strength of soils --
|x Testing
|
| 650 |
|
0 |
|a Pressure transducers
|
| 655 |
|
0 |
|a Electronic books
|
| 700 |
1 |
|
|a Whittle, Robert
|
| 856 |
4 |
2 |
|u http://library.unisel.edu.my/web/guest/mylibrary
|
| 997 |
|
|
|a Engineering & Life Sciences, Faculty
|b Engineering, Department
|
| 999 |
|
|
|a EBO0017317
|b EBOOK
|c EBOOK
|e Electronic resources
|